Estudio ambiental de la cuenca Magdalena (Registro nro. 8315)

Detalles MARC
000 -CABECERA
Campo de control 00582nam a22001817a 4500
005 - FECHA Y HORA DE LA ULTIMA TRANSACCION
Campo de control 20140325171259.0
008 - ELEMENTOS DE LONGITUD FIJA—INFORMACION GENERAL
Campo de control 140325b2001 ck ||||| |||| 00| 0 spa d
041 ## - IDIOMA
Código de idioma para texto/pista de sonido o título separado Español
044 ## - PAÍS DE PUBLICACIÓN
País de publicación Colombia
090 ## - CLASIFICACIÓN LOCAL
Colección LB
Consecutivo 05891
110 ## - ASIENTO PRINCIPAL--NOMBRE CORPORATIVO
Nombre corporativo o de jurisdicción como elemento de entrada Instituto de Hidrología, Meteorología y Estudios Ambientales
245 ## - MENCION DE TITULO
Título Estudio ambiental de la cuenca Magdalena
Parte restante del título Resumen Ejecutivo
260 ## - PUBLICACION, DISTRIBUCION, ETC. (PIE DE IMPRENTA)
Lugar de publicación, distribución, etc. Bogotá
Nombre del editor, distribuidor, etc. IDEAM
-- Cormagdalena
Fecha de publicación, distribución, etc. 2001
300 ## - DESCRIPCION FISICA
Extensión 235 p.,
Otros detalles físicos il., mapas,
Dimensiones 13 cm
500 ## - NOTA GENERAL
Nota general Acuerdo IDEAM-Cormagdalena convenio 003 de 1999
505 ## - NOTA DE CONTENIDO
Nota de contenido Incluye contenido
942 ## - ELEMENTOS ADICIONALES (KOHA)
Sistema de clasificación Local
Tipo de ítem CD-ROM
Existencias
Withdrawn status Lost status Sistema de Clasificación Damaged status No para préstamo Colección Ubicación Permanente Ubicación actual Fecha de adquisición Total Checkouts Número topográfico Inventario / Código de Barras Date last seen Ejemplar Price effective from Forma de adquisición Tipo de material
    Local     Audiovisual Bogotá Bogotá 25/03/2014   LB-05891 059571 25/03/2014 Ej. 1 25/03/2014   CD-ROM